Detritus and decomposition in ecosystems (Record no. 1603)

MARC details
000 -LEADER
fixed length control field 00812 a2200217 4500
010 ## - LIBRARY OF CONGRESS CONTROL NUMBER
LC control number ENG-85179
020 ## - INTERNATIONAL STANDARD BOOK NUMBER
International Standard Book Number 8189422154
Terms of availability 750.00
035 ## - SYSTEM CONTROL NUMBER
System control number EN-68712
037 ## - SOURCE OF ACQUISITION
Source of stock number/acquisition D.B.Act / Pub
082 14 - DEWEY DECIMAL CLASSIFICATION NUMBER
Classification number 544.1
090 ## - LOCALLY ASSIGNED LC-TYPE CALL NUMBER (OCLC); LOCAL CALL NUMBER (OCLC)
-- 1632
-- 1632
100 1# - MAIN ENTRY--PERSONAL NAME
Personal name Zafar Reshi
245 1# - TITLE STATEMENT
Title Detritus and decomposition in ecosystems
Statement of responsibility, etc by Zafar Reshi and Sumira Tyub
260 ## - PUBLICATION, DISTRIBUTION, ETC. (IMPRINT)
Place of publication, distribution, etc New Delhi
Name of publisher, distributor, etc New India Publishing Agency,
Date of publication, distribution, etc 2006
270 ## - ADDRESS
Address 101, Vikas Surya Plaza, CU Block, LSC Mkt., Pitam Pura
City Delhi
State or province Delhi
Postal code 110034
Telephone number 011-27341717
Fax number 011-27341616
Electronic mail address spjain_niph@rediffmail.com
300 ## - PHYSICAL DESCRIPTION
Extent x, 269 p
Dimensions 22 cm. (Hb)
500 ## - GENERAL NOTE
General note Includes bibliographical references and index
650 #0 - SUBJECT ADDED ENTRY--TOPICAL TERM
Topical term or geographic name as entry element Ecosystems
942 ## - ADDED ENTRY ELEMENTS (KOHA)
Institution code [OBSOLETE] dpl
Koha item type English Books
Call number prefix 544.1 / ZAF
Holdings
Withdrawn status Lost status Source of classification or shelving scheme Damaged status Not for loan Collection code Home library Current library Source of acquisition Cost, normal purchase price Total Checkouts Full call number Barcode Date last seen Copy number Uniform Resource Identifier Cost, replacement price Price effective from Koha item type
    Dewey Decimal Classification   Not For Loan Non-fiction D.B.Act.Division D.B.Act.Division DBAD/PUB 750.00   544.1 EN-68712 15/09/2008 1 1684 750.00 15/09/2008 English Books

© Delhi Public Library
Hit Counter
free hit counter